000 00509nam a2200157Ia 4500
005 20250528023148.0
008 240331s9999 xx 000 0 und d
020 _a9558381284
082 _bRAT
_a306
100 _aRathnapala, N
245 0 _aSriLankawe ganikawo
260 _aColombo
_bSadeepa publishers
_c2000
300 _a128 p .,
500 _aits fourteen chapters it deals with all aspects of the problem including sex activists, child sex, patterns of sexual behaviour, pimps and patrons
942 _cL
999 _c2178
_d2178